Dotazníková analýza vybraných vzťahov marketingových komunikácií vo vinárskych podnikoch
Marketingová propagačná komunikácia pozostáva z osobného predaja, podpory predaja, vzťahov s verejnosťou a reklamy Osobný predaj predstavuje priamu komunikáciu a budovanie vzťahu dvoch alebo viacerých osôb, ktoré majú za cieľ výrobok predať. Medzi formy osobného predaja, ktoré využívajú vinárske po...
Gespeichert in:
| 1. Verfasser: | |
|---|---|
| Format: | Buchkapitel |
| Sprache: | Slowakisch |
| Schlagworte: | |
| Tags: |
Keine Tags, Fügen Sie das erste Tag hinzu!
|
MARC
| LEADER | 00000nla a2200000 4500 | ||
|---|---|---|---|
| 001 | 0225046 | ||
| 005 | 20240417075109.8 | ||
| 041 | 0 | |a slo | |
| 044 | |a SK | ||
| 245 | 1 | 0 | |a Dotazníková analýza vybraných vzťahov marketingových komunikácií vo vinárskych podnikoch |c Lucia Coskun |
| 520 | |a Marketingová propagačná komunikácia pozostáva z osobného predaja, podpory predaja, vzťahov s verejnosťou a reklamy Osobný predaj predstavuje priamu komunikáciu a budovanie vzťahu dvoch alebo viacerých osôb, ktoré majú za cieľ výrobok predať. Medzi formy osobného predaja, ktoré využívajú vinárske podniky sa radia pultový a zásielkový predaj, predaj na základe vzoriek a telefonický predaj . | ||
| 610 | 2 | 0 | |a prieskum |
| 610 | 2 | 0 | |a dotazníky |
| 610 | 2 | 0 | |a víno |
| 610 | 2 | 0 | |a priemysel vinársky |
| 610 | 2 | 0 | |a stratégia marketingová |
| 610 | 2 | 0 | |a komunikácia marketingová |
| 100 | 1 | |a Coskun, Lucia | |